Power and Resistance in the New World Order / (Record no. 13682)
[ view plain ]
| 000 -LEADER | |
|---|---|
| fixed length control field | 01481cam a2200373 a 4500 |
| 001 - CONTROL NUMBER | |
| control field | 15244263 |
| 005 - DATE AND TIME OF LATEST TRANSACTION | |
| control field | 20091120100209.0 |
| 008 - FIXED-LENGTH DATA ELEMENTS--GENERAL INFORMATION | |
| fixed length control field | 080402s2008 enk | b 001 0 eng d |
| 010 ## - LIBRARY OF CONGRESS CONTROL NUMBER | |
| LC control number | 2008015071 |
| 015 ## - NATIONAL BIBLIOGRAPHY NUMBER | |
| National bibliography number | GBA804091 |
| Source | bnb |
| 016 7# - NATIONAL BIBLIOGRAPHIC AGENCY CONTROL NUMBER | |
| Record control number | 014487313 |
| Source | Uk |
| 020 ## - INTERNATIONAL STANDARD BOOK NUMBER | |
| International Standard Book Number | 9780230203693 (alk. paper) |
| 020 ## - INTERNATIONAL STANDARD BOOK NUMBER | |
| International Standard Book Number | 0230203698 (alk. paper) |
| 020 ## - INTERNATIONAL STANDARD BOOK NUMBER | |
| International Standard Book Number | 9780230203709 (pbk.) |
| 020 ## - INTERNATIONAL STANDARD BOOK NUMBER | |
| International Standard Book Number | 0230203701 (pbk.) |
| 035 ## - SYSTEM CONTROL NUMBER | |
| System control number | (OCoLC)221960893 |
| Canceled/invalid control number | (OCoLC)181600987 |
| -- | (OCoLC)190777069 |
| 035 ## - SYSTEM CONTROL NUMBER | |
| System control number | (OCoLC)ocn221960893 |
| 040 ## - CATALOGING SOURCE | |
| Original cataloging agency | DLC |
| Transcribing agency | DLC |
| Modifying agency | DLC |
| 050 00 - LIBRARY OF CONGRESS CALL NUMBER | |
| Classification number | JZ1310 |
| Item number | .G55 2008 |
| 082 00 - DEWEY DECIMAL CLASSIFICATION NUMBER | |
| Classification number | 327.101 |
| Edition number | 22 |
| Item number | GIL |
| 100 1# - MAIN ENTRY--PERSONAL NAME | |
| Personal name | Gill, Stephen, |
| Dates associated with a name | 1950- |
| 9 (RLIN) | 12684 |
| 245 10 - TITLE STATEMENT | |
| Title | Power and Resistance in the New World Order / |
| Statement of responsibility, etc | Stephen Gill. |
| 250 ## - EDITION STATEMENT | |
| Edition statement | 2nd ed., |
| Remainder of edition statement | Fully revised and updated. |
| 260 ## - PUBLICATION, DISTRIBUTION, ETC. (IMPRINT) | |
| Place of publication, distribution, etc | Basingstoke [England] : |
| Name of publisher, distributor, etc | Palgrave Macmillan, |
| Date of publication, distribution, etc | c2008. |
| 300 ## - PHYSICAL DESCRIPTION | |
| Extent | xxvi, 288 p. ; |
| Dimensions | 23 cm. |
| 504 ## - BIBLIOGRAPHY, ETC. NOTE | |
| Bibliography, etc | Includes bibliographical references and index. |
| 650 #0 - SUBJECT ADDED ENTRY--TOPICAL TERM | |
| Topical term or geographic name as entry element | International relations. |
| 9 (RLIN) | 12685 |
| 650 #0 - SUBJECT ADDED ENTRY--TOPICAL TERM | |
| Topical term or geographic name as entry element | Balance of power. |
| 9 (RLIN) | 12686 |
| 650 #0 - SUBJECT ADDED ENTRY--TOPICAL TERM | |
| Topical term or geographic name as entry element | Economics. |
| 9 (RLIN) | 12687 |
| 856 41 - ELECTRONIC LOCATION AND ACCESS | |
| Materials specified | Table of contents only |
| Uniform Resource Identifier | <a href="http://www.loc.gov/catdir/toc/fy1002/2008015071.html">http://www.loc.gov/catdir/toc/fy1002/2008015071.html</a> |
| 942 ## - ADDED ENTRY ELEMENTS (KOHA) | |
| Source of classification or shelving scheme | Dewey Decimal Classification |
| Item type | Book - Borrowing |
| Withdrawn status | Item status | Source of classification or shelving scheme | Damaged status | Not for loan | Vendor | Home library | Current library | Shelving location | Date acquired | Source of acquisition | Cost, normal purchase price | Serial Enumeration / chronology | Total Checkouts | Total Renewals | Full call number | Barcode | Date last seen | Date last borrowed | Koha item type |
|---|---|---|---|---|---|---|---|---|---|---|---|---|---|---|---|---|---|---|---|
| Dewey Decimal Classification | Alahram | Central Library | Central Library | First floor | 15/03/2010 | 240.00 | 935 | 4 | 12 | 327.101 GIL | 000019741 | 15/07/2025 | 18/10/2016 | Book - Borrowing |